[Event "GER-chT U16"]
[Site "Magdeburg"]
[Date "2023.12.28"]
[Round "3.3"]
[White "Pohle, Saskia"]
[Black "Studzinski, Bruno"]
[Result "1-0"]
[WhiteElo "1787"]
[BlackElo "1576"]
[PlyCount "53"]
[EventDate "2023.12.26"]
[EventType "team-swiss"]
[EventRounds "7"]
[EventCountry "GER"]
[SourceTitle "CBM 218 Extra"]
[Source "ChessBase"]
[SourceDate "2024.03.31"]
[SourceVersion "1"]
[SourceVersionDate "2024.03.31"]
[SourceQuality "1"]
[WhiteTeam "Magdeburg Schachzwerge"]
[BlackTeam "Barnim Schachfreunde"]
[WhiteTeamCountry "GER"]
[BlackTeamCountry "GER"]

1. e4 e5 2. Nf3 Nf6 3. Nxe5 d6 4. Nf3 Nxe4 5. d4 d5 6. Bd3 Bd6 7. 0-0 0-0 8. c4 c6 9. Nc3 Nxc3 10. bxc3 dxc4 11. Bxc4 Bf5 12. Re1 Re8 13. Bg5 Rxe1+ 14. Qxe1 Qc8 15. Qe3 Nd7 16. Nh4 Bg6 17. Nxg6 hxg6 18. Qf3 Qe8 19. Kf1 Nb6 20. Bb3 Qd7 21. Re1 Re8 22. Qxf7+ Qxf7 23. Rxe8+ Bf8 24. Bxf7+ Kxf7 25. Rb8 Nd5 26. Rxb7+ Ke6 27. Bd2 1-0

[Event "GER-chT U12"]
[Site "Magdeburg"]
[Date "2019.12.30"]
[Round "7.7"]
[White "Neuwirth, Mark"]
[Black "Studzinski, Bruno"]
[Result "0-1"]
[WhiteElo "1314"]
[BlackElo "1244"]
[PlyCount "128"]
[EventDate "2019.12.27"]
[EventType "team-swiss"]
[EventRounds "7"]
[EventCountry "GER"]
[SourceTitle "CBM 194 Extra"]
[Source "ChessBase"]
[SourceDate "2020.03.31"]
[SourceVersion "1"]
[SourceVersionDate "2020.03.31"]
[SourceQuality "1"]
[WhiteTeam "Wolfratshausen"]
[BlackTeam "Barnim"]
[WhiteTeamCountry "GER"]
[BlackTeamCountry "GER"]

1. e4 d5 2. exd5 Nf6 3. Bc4 Nxd5 4. Nc3 Nf6 5. Nf3 Bg4 6. h3 Bh5 7. d3 Nc6 8. Be3 e6 9. a3 Bd6 10. Qd2 Qd7 11. g4 Bg6 12. Bf4 0-0-0 13. Bxd6 Qxd6 14. 0-0-0 h5 15. g5 Nd7 16. Kb1 a6 17. Ka1 Nde5 18. Nxe5 Nxe5 19. Ba2 Rhf8 20. Rb1 Nf3 21. Qe3 Nd4 22. Rbc1 Qe7 23. h4 Kb8 24. Rhe1 b5 25. Ne2 Qd6 26. Nxd4 Qxd4 27. Qxd4 Rxd4 28. Rh1 Rf4 29. Rh2 e5 30. Re1 Re8 31. Bb1 Kb7 32. c3 f6 33. d4 Bxb1 34. Kxb1 Kc6 35. dxe5 Rxe5 36. Rxe5 fxe5 37. Kc2 Kd5 38. Kd2 Kc4 39. Kc2 c5 40. b3+ Kd5 41. Kd2 Rf3 42. Kc2 a5 43. Kd2 a4 44. Kc2 Ke4 45. bxa4 bxa4 46. Kd2 Kd5 47. g6 Kc4 48. Rg2 Rxc3 49. Rg5 Rxa3 50. Rxe5 Rd3+ 51. Kc2 Rd6 52. Rg5 Rb6 53. f4 a3 54. f5 a2 55. Rg1 Kd5 56. Re1 c4 57. Kc3 Rf6 58. Rd1+ Ke4 59. Kxc4 Ra6 60. f6 Rxf6 61. Ra1 Ra6 62. Kb5 Ra8 63. Kc6 Kf5 64. Rf1+ Kxg6 0-1

[Event "GER-chT U12"]
[Site "Magdeburg"]
[Date "2019.12.29"]
[Round "5.7"]
[White "Liu, Leon"]
[Black "Studzinski, Bruno"]
[Result "0-1"]
[WhiteElo "1344"]
[BlackElo "1244"]
[PlyCount "170"]
[EventDate "2019.12.27"]
[EventType "team-swiss"]
[EventRounds "7"]
[EventCountry "GER"]
[SourceTitle "CBM 194 Extra"]
[Source "ChessBase"]
[SourceDate "2020.03.31"]
[SourceVersion "1"]
[SourceVersionDate "2020.03.31"]
[SourceQuality "1"]
[WhiteTeam "Karlsruhe SF"]
[BlackTeam "Barnim"]
[WhiteTeamCountry "GER"]
[BlackTeamCountry "GER"]

1. e4 d5 2. exd5 Nf6 3. Bc4 Nxd5 4. Qh5 e6 5. d3 Nf6 6. Qf3 Nc6 7. Ne2 Ne5 8. Bb5+ c6 9. Qe3 Neg4 10. Bxc6+ bxc6 11. Qg3 Qd6 12. f4 Ba6 13. h3 Nh6 14. Be3 Nf5 15. Qf3 Nxe3 16. Qxe3 Nd5 17. Qd4 Qb4+ 18. Qxb4 Nxb4 19. Kd2 Bd6 20. Nbc3 Nd5 21. Ne4 Bxf4+ 22. Nxf4 Nxf4 23. g3 Nd5 24. c4 Nf6 25. Ng5 0-0 26. h4 c5 27. Rag1 h6 28. Nf3 Bb7 29. Ke3 Rfd8 30. Rd1 Ng4+ 31. Ke2 e5 32. Rh3 Rab8 33. b3 a5 34. h5 e4 35. Ne1 exd3+ 36. Rxd3 Rxd3 37. Nxd3 Re8+ 38. Kd2 Rd8 39. Ke2 Rc8 40. Kd2 Be4 41. Nb2 Rb8 42. Na4 Rd8+ 43. Kc1 Rc8 44. Nb6 Rc6 45. Na4 Kf8 46. Rh4 f5 47. Nc3 Bf3 48. Kb2 Ke7 49. Ka3 Ra6 50. Ka4 Bc6+ 51. Nb5 Kd7 52. Ka3 Ke7 53. Nc7 Ra7 54. Nb5 Ra6 55. Nc7 Rb6 56. Nb5 Kd7 57. Ka4 Ra6 58. Ka3 Ra8 59. Ka4 Ke6 60. Ka3 Ke5 61. Nc7 Ra7 62. Nb5 Ra8 63. Nc7 Rc8 64. Na6 Kd4 65. Kb2 Bb7 66. a3 Bxa6 67. Rh1 Ne3 68. g4 f4 69. g5 hxg5 70. h6 gxh6 71. Rxh6 Bb7 72. Rh2 f3 73. Rf2 Nd1+ 74. Ka2 Nxf2 75. b4 axb4 76. a4 Ra8 77. Kb3 Bc6 78. Kb2 Rxa4 79. Kb3 Ra3+ 80. Kc2 Bb7 81. Kb2 Kxc4 82. Kc2 Ra2+ 83. Kc1 Re2 84. Kb1 Kc3 85. Kc1 Re1# 0-1